ბათუმის შოთა რუსთაველის სახელმწიფო უნივერსიტეტის ბიბლიოთეკა

თხზულებანი 3 ტომად. ტ.3 (ბიბ.ჩანაწერი № 48853)

000 -LEADER
fixed length control field 01068nam a2200229Ia 4500
001 - CONTROL NUMBER
control field 15755
003 - CONTROL NUMBER IDENTIFIER
control field GE_BSU
008 - FIXED-LENGTH DATA ELEMENTS--GENERAL INFORMATION
fixed length control field 181216s||||||||xx |||||||||||||| ||und||
040 ## - CATALOGING SOURCE
Transcribing agency GE_BSU
080 ## - UNIVERSAL DECIMAL CLASSIFICATION NUMBER
Universal Decimal Classification number 821.353.1-31+821.353.1-32
100 ## - MAIN ENTRY--PERSONAL NAME
Personal name ხალვაში, ფრიდონ
245 ## - TITLE STATEMENT
Title თხზულებანი 3 ტომად. ტ.3
245 ## - TITLE STATEMENT
Remainder of title რომანი მოთრობები. მოგონებები და წერილები ჩანაწერებიდან. ამოწერილები
245 ## - TITLE STATEMENT
Statement of responsibility, etc. რედ.ლ.ნანიტაშვილი. მხატვ.თ.შარიფაშვილი
260 ## - PUBLICATION, DISTRIBUTION, ETC.
Place of publication, distribution, etc. თბილისი
260 ## - PUBLICATION, DISTRIBUTION, ETC.
Name of publisher, distributor, etc. საქართველო
260 ## - PUBLICATION, DISTRIBUTION, ETC.
Date of publication, distribution, etc. 2000
300 ## - PHYSICAL DESCRIPTION
Extent 614გვ.1ფ.პორტრ.20სმ.
653 ## - INDEX TERM--UNCONTROLLED
Uncontrolled term რომანი მოთრობები. მოგონებები და წერილები ჩანაწერებიდან. ამოწერილები
942 ## - ADDED ENTRY ELEMENTS (KOHA)
Koha item type წიგნი
ეგზემპლარები
Withdrawn status Lost status Damaged status Not for loan Date acquired Barcode Date last seen Price effective from Koha item type
        2018-12-17 39330 2018-12-17 2018-12-17 წიგნი